| 000 | 00000nam##2200000za#4500 |
| 001 | 9.566352 |
| 003 | CaOODSP |
| 005 | 20210624180240 |
| 007 | cr ||||||||||| |
| 008 | 150406|2004||||xxc|||||o f|0| 0 eng|d |
| 040 | |aCaOODSP|beng |
| 043 | |an-cn--- |
| 086 | 1 |aTU3-5/04-24E-PDF |
| 110 | 2 |aTransportation Safety Board of Canada. |
| 245 | 10|aLoss of control and collision with terrain - Pickerel Arm Camps de Havilland DHC-2 Mark I Beaver C-GQHT, Fawcett Lake, Ontario, 18 May 2004 |h[electronic resource] |
| 260 | |aGatineau - Quebec : |bTransportation Safety Board of Canada |c[2005]. |
| 300 | |a7p. |
| 490 | 1 |aAviation investigation report |vA04C0098 |
| 590 | |a10-05-Supp|b2010-07-20 |
| 690 | 07|aAircraft accidents|2gcpds |
| 775 | 08|tPerte de maîtrise et collision avec le relief du de Havilland DHC-2 Mark I Beaver C-GQHT exploité par Pickerel Arm Camps au lac Fawcett (Ontario), le 18 mai 2004 |w(CaOODSP)9.597865 |
| 830 | #0|aAviation investigation report ;|vA04C0098|w(CaOODSP)9.504825 |
| 856 | 40|ahttp://publications.gc.ca|qPDF|s78 KB|uhttps://publications.gc.ca/collections/collection_2009/bst-tsb/TU3-5-04-24E.pdf|yA04C0098 |